000 00525nam a2200205Ia 4500
005 20221119110143.0
008 131103s9999 xx 000 0 und d
040 _aLoreto College
041 _aEnglish
082 _a821.7
_bWOR-BUR
100 _aBurra,Peter
245 _aWordsworth
_cPeter Burra
260 _aLondon
_bDuckworth
_c1950
300 _a160 p.
504 _aIncludes bibliographical references
650 _aEnglish Poetry
651 _a18th century poet - Wordsworth
850 _aLCLIB
942 _cBK
999 _c5935
_d56414